| 000 | 00450nam a22001457a 4500 | ||
|---|---|---|---|
| 020 | _a9781260462296 | ||
| 040 | _cNUST | ||
| 082 | _a005.133 KAD | ||
| 100 |
_aKonasani, Venkata Reddy _9113923 |
||
| 110 |
_aKadre, Shailendra _9113924 |
||
| 245 | _aMachine Learning and Deep Learning Using Python and Tensorflow | ||
| 260 |
_aNew York: _bMcGraw Hill, _c2021. |
||
| 650 |
_aMachine learning and Deep Learning Using Python _9113925 |
||
| 942 |
_2ddc _cTEXT |
||
| 999 |
_c595356 _d595356 |
||